Fourteen Hours : A Picture Story of the Pope's Historic First Visit to America /

Historia gráfica de la visita histórica que realizara Paulo VI (1963-1978), a Nueva York, por invitación de la ONU el 4 de octubre de 1965 en la conmemoración su 20 aniversario. Además se llevó a cabo la primera reunión de un presidente de Estados Unidos y un Papa en suelo americano, Lyndon B. Johns...

Deskribapen osoa

Gorde:
Xehetasun bibliografikoak
Formatua: Liburua
Hizkuntza:ingelesa
Argitaratua: Nueva York, EUA : Dell, 1965, c1965
Gaiak:
Etiketak: Etiketa erantsi
Etiketarik gabe, Izan zaitez lehena erregistro honi etiketa jartzen!

MARC

LEADER 00000nam^a2200000^a^4500
001 000185312
005 20250521000000.0
009 20260310102147.889
037 |a Acervo ITESO - Biblioteca 
041 |a ING 
082 |a 262. 91  |b PAU VIA EUA 1965 
240 1 1 |a [Visitas papales a Estados Unidos] 
245 0 0 |a Fourteen Hours :  |b A Picture Story of the Pope's Historic First Visit to America /  |c Introd. de F. Spellman. 
264 1 |a Nueva York, EUA :  |b Dell,  |c 1965, c1965 
300 |a 1 v. (sin paginación) 
336 |a texto  |b txt  |2 rdacontenido 
337 |a sin mediación  |b n  |2 rdamedio 
338 |a volumen  |b nc  |2 rdasoporte 
520 |a Historia gráfica de la visita histórica que realizara Paulo VI (1963-1978), a Nueva York, por invitación de la ONU el 4 de octubre de 1965 en la conmemoración su 20 aniversario. Además se llevó a cabo la primera reunión de un presidente de Estados Unidos y un Papa en suelo americano, Lyndon B. Johnson era el presidente en turno. 
561 |a Ex libris de Ignacio González Luna 
649 |a XX 
650 |a Papas -  |x Fotografías 
650 |a Ministros Religiosos Italianos -  |x Fotografías 
650 |a Religiosos Italianos -  |x Fotografías 
650 |a Santos Italianos -  |x Fotografías 
650 |a Jefes de Estado Norteamericanos -  |x Fotografías 
650 |a Políticos Norteamericanos -  |x Fotografías 
650 |a Iglesia Católica en EUA -  |x Historia -  |y 1963-1969 -  |x Tema Principal 
650 |a Iglesia Católica en EUA -  |x Historia -  |y Siglo XX 
650 |a Iglesia Católica -  |x Historia -  |y Papa, 1963-1978 (San Paulo VI) -  |x Tema Principal 
650 |a Iglesia Católica -  |x Historia -  |y Siglo XX 
650 |a Pacifismo -  |x Tema Principal 
650 |a Guerra Fría -  |x Historia 
650 |a Visitas Papales -  |z Nueva York, EUA -  |x Historia -  |x Fotografías -  |y 1963-1969 
650 |a Visitas Papales -  |z Nueva York, EUA -  |x Historia -  |y 1963-1969 -  |x Tema Principal 
650 |a Visitas Papales -  |z Nueva York, EUA -  |x Historia -  |y Siglo XX 
650 |a Visitas Papales -  |z EUA -  |x Historia -  |x Fotografías -  |y 1963-1969 
650 |a Visitas Papales -  |z EUA -  |x Historia -  |y 1963-1969 
650 |a Visitas Papales -  |z EUA -  |x Historia -  |y Siglo XX 
650 |a Visitas Pastorales -  |z Nueva York, EUA -  |x Historia -  |y 1963-1969 
650 |a Visitas Pastorales -  |z Nueva York, EUA -  |x Historia -  |y Siglo XX 
650 |a Visitas Pastorales -  |z EUA -  |x Historia -  |y 1963-1969 
650 |a Visitas Pastorales -  |z EUA -  |x Historia -  |y Siglo XX 
650 |a Catolicismo -  |z EUA -  |x Historia -  |y 1963-1969 
650 |a Catolicismo -  |z EUA -  |x Historia -  |y Siglo XX 
650 |a Cristianismo y Política -  |z EUA -  |x Historia -  |y 1963-1969 
650 |a Cristianismo y Política -  |z EUA -  |x Historia -  |y Siglo XX 
650 |a Cristianismo -  |z EUA -  |x Historia -  |y 1963-1969 
650 |a Cristianismo -  |z EUA -  |x Historia -  |y Siglo XX 
650 |a Cristianismo y Política -  |x Historia -  |y 1960-1969 
650 |a Cristianismo y Política -  |x Historia -  |y 1945-1989 
650 |a Cristianismo y Política -  |x Historia -  |y Siglo XX 
650 |a Política y Religión -  |z EUA -  |x Historia -  |y 1963-1969 
650 |a Política y Religión -  |z EUA -  |x Historia -  |y Siglo XX 
650 |a Política y Religión -  |x Historia -  |y 1960-1969 
650 |a Política y Religión -  |x Historia -  |y 1945-1989 
650 |a Política y Religión -  |x Historia -  |y Siglo XX 
650 |a Política Internacional -  |x Historia -  |y 1960-1969 
650 |a Política Internacional -  |x Historia -  |y 1945-1989 
650 |a Política Internacional -  |x Historia -  |y Siglo XX 
650 |a Religión -  |z EUA -  |x Historia -  |y 1963-1969 
650 |a Religión -  |z EUA -  |x Historia -  |y Siglo XX 
650 |a Paulo VI, Santo -  |x Tema Principal 
650 |a Johnson, Lyndon B. 
650 |a ONU -  |x Historia -  |y Siglo XX 
910 |a Fondo General 
920 |a Impresos - Libros 
930 |a Colección General 
905 |a 101 
901 |a 0500126720  |b IT1  |c ACC  |u 20250521 
902 |a https://opac.biblio.iteso.mx/vufind/Record/000185312